000 00220nam a2200109Ia 4500
100 _a#N/A
942 _cBK
654 _aCOMPUTER GRAPHICS
245 _aComputer Graphics &Algorithms
260 _b#N/A
546 _aENGLISH
999 _c29250
_d29250